| 000 | 02455nam a2200421 c 4500 | ||
|---|---|---|---|
| 003 | BLK | ||
| 005 | 20180420220444.0 | ||
| 008 | 180407b bul|||||r ||||||| ||bul|| | ||
| 010 | _aKNG00034022000 | ||
| 020 |
_a954-8517-16-7 _bиздат.: Icon |
||
| 020 |
_a954-8517-19-1 _bиздат.: Icon - на том(т. 3) |
||
| 040 | _aBLK | ||
| 041 |
_aBUL _cBUL |
||
| 080 |
_aОбщи енциклопедии. Енциклопедични речници. Научни справочници. Отраслови енциклопедии и справочници се класират в съответните отдели с определител за форма _b03 _x _z03 |
||
| 080 |
_aЗвезди и звездни системи. Вселена - Космически лъчи, междузвездно пространство, Галактика, Млечен път, космология, извънгалактически системи _b524 _x(035) _z524(035) |
||
| 080 |
_aНаука. Наукознание. Организация на умствения труд _b001 _x(035) _z001(035) |
||
| 700 | 1 |
_aАтанасов, Милен _eпрев. от фр. на том _9259880 |
|
| 700 | 1 |
_aГидие, Таня _eпрев. от фр. на том _954000 |
|
| 139 |
_a[Ларус] Larousse - Фамилна енциклопедия _bЛ 25 |
||
| 245 | 1 | 0 |
_a[Ларус] Larousse - Фамилна енциклопедия _bВ 11 т. _cпрев. от фр. на том Милен Атанасов; прев. от фр. на том Таня Гидие. _nТ. 3 _pЗемята, Вселената, Открития |
| 257 | _aFRA | ||
| 260 |
_аСофия _bIcon _c1999 - _fЗа том: София : Д. Благоев |
||
| 300 | _c25 см | ||
| 380 | _a0 | ||
| 650 | 4 |
_aЗемя [планета] - енциклопедии _9265223 |
|
| 650 | 4 |
_aКосмология - енциклопедии _9266880 |
|
| 650 | 4 |
_aНаучни открития - енциклопедии _9271456 |
|
| 653 | _aЗемя | ||
| 653 | _aенциклопедии | ||
| 653 | _aВселена | ||
| 653 | _aоткрития | ||
| 760 | 1 |
_3- на том(т. 3) _dIcon, 2000 _h240 с. : с цв. ил., к., сх. _n2 000 тир. _tТ. 3 Земята, Вселената, Открития |
|
| 852 | _aЦб 202571 | ||
| 856 | 4 |
_qpdf _u |
|
| 856 | 4 |
_qpdf _u |
|
| 942 |
_cKNG _n0 |
||
| 944 |
_aCR _c15.01.2003 _lф / _kЛюдмила_Стоянова |
||
| 944 |
_aED _c06.01.2015 _lф / _kГеновева_Генчева |
||
| 999 |
_c31377 _d31377 |
||